<?xml version="1.0" encoding="UTF-8"?>
<record
    xmlns:xsi="http://www.w3.org/2001/XMLSchema-instance"
    xsi:schemaLocation="http://www.loc.gov/MARC21/slim http://www.loc.gov/standards/marcxml/schema/MARC21slim.xsd"
    xmlns="http://www.loc.gov/MARC21/slim">

  <leader>00830nam a22002297a 4500</leader>
  <controlfield tag="005">20260212220912.0</controlfield>
  <controlfield tag="008">260212s1983    mx a|||| |||| 001 0 spa d</controlfield>
  <datafield tag="040" ind1=" " ind2=" ">
    <subfield code="b">spa</subfield>
  </datafield>
  <datafield tag="100" ind1=" " ind2=" ">
    <subfield code="a">AGUIRRE TINOCO, HUMBERTO</subfield>
  </datafield>
  <datafield tag="245" ind1=" " ind2=" ">
    <subfield code="a">SONES DE LA TIERRA Y CANTARES JAROCHOS</subfield>
  </datafield>
  <datafield tag="260" ind1=" " ind2=" ">
    <subfield code="a">M&#xC9;XICO : </subfield>
    <subfield code="b">PREMIA EDITORA DE LIBROS ,</subfield>
    <subfield code="c">1983. </subfield>
  </datafield>
  <datafield tag="300" ind1=" " ind2=" ">
    <subfield code="a">230 p&#xE1;ginas</subfield>
    <subfield code="c">13.5 x 20.8 cm</subfield>
  </datafield>
  <datafield tag="336" ind1=" " ind2=" ">
    <subfield code="2">rdacontent</subfield>
    <subfield code="a">texto</subfield>
    <subfield code="b">txt</subfield>
  </datafield>
  <datafield tag="337" ind1=" " ind2=" ">
    <subfield code="2">rdamedia</subfield>
    <subfield code="a">sin mediaci&#xF3;n</subfield>
    <subfield code="b">n</subfield>
  </datafield>
  <datafield tag="338" ind1=" " ind2=" ">
    <subfield code="2">rdacarrier</subfield>
    <subfield code="a">volumen </subfield>
    <subfield code="b">nc</subfield>
  </datafield>
  <datafield tag="505" ind1=" " ind2=" ">
    <subfield code="a">EL LLAMADO SON VERACRUZANO O JAROCHO ES PROBABLEMENTE LA MAS RICA EXPRESION ARTISTICA DEL SECTOR MESTIZO DE M&#xC9;XICO</subfield>
  </datafield>
  <datafield tag="650" ind1=" " ind2=" ">
    <subfield code="a">LAS ARTES  BELLAS ARTES Y ARTES DECORATIVAS </subfield>
  </datafield>
  <datafield tag="650" ind1=" " ind2=" ">
    <subfield code="a">MUSICA</subfield>
  </datafield>
  <datafield tag="650" ind1=" " ind2=" ">
    <subfield code="a">INSTRUMENTOS Y CONJUNTOS INSTRUMENTALES</subfield>
  </datafield>
  <datafield tag="700" ind1=" " ind2=" ">
    <subfield code="a">SALVADOR, FERNANDO</subfield>
    <subfield code="e">PORTADA</subfield>
  </datafield>
  <datafield tag="942" ind1=" " ind2=" ">
    <subfield code="2">ddc</subfield>
    <subfield code="c">GENERAL</subfield>
  </datafield>
  <datafield tag="952" ind1=" " ind2=" ">
    <subfield code="0">0</subfield>
    <subfield code="1">0</subfield>
    <subfield code="2">ddc</subfield>
    <subfield code="4">0</subfield>
    <subfield code="7">2</subfield>
    <subfield code="8">GENERAL</subfield>
    <subfield code="a">BPCEFC</subfield>
    <subfield code="b">BPCEFC</subfield>
    <subfield code="c">ACCESO "B" PLATA BAJA</subfield>
    <subfield code="d">2026-02-12</subfield>
    <subfield code="e">DONACI&#xD3;N DGB</subfield>
    <subfield code="l">0</subfield>
    <subfield code="o">784.497262 / A38</subfield>
    <subfield code="r">2026-02-12 22:16:38</subfield>
    <subfield code="t">EJ. 1 </subfield>
    <subfield code="w">2024-07-25</subfield>
    <subfield code="y">GENERAL</subfield>
  </datafield>
  <datafield tag="999" ind1=" " ind2=" ">
    <subfield code="c">68517</subfield>
    <subfield code="d">68517</subfield>
  </datafield>
</record>
